000 00421nam a2200181Ia 4500
008 210210b1943 xxu||||| |||| 00| 0 eng d
041 _aeng
082 _a544/148
100 _aRAO (Shiva I D)
245 _aJunior book of physical chemistry
260 _aSurat
_b-
_c1943
300 _a228
650 _atheoretical
650 _aModern
650 _achemistry
690 _aPhysical Chemistry
906 _a009804
999 _c128103
_d128103